[Event "DEM U12 2022"]
[Site "Willingen GER"]
[Date "2022.06.11"]
[Round "9"]
[White "Fettig, Michel"]
[Black "Xu, Wanghan"]
[Result "1/2-1/2"]
[Termination "normal"]
[Board "26"]
[WhiteElo "1407"]
[BlackElo "1419"]
[WhiteClock "00:16:52"]
[BlackClock "00:49:13"]
[PlyCount "98"]
[WhiteFideId "34608982"]
[BlackFideId "34608745"]
[EventCountry "GER"]
[EventRounds "9"]
[EventType "swiss"]
[EventDate "2022.06.04"]

1. c4 {[%clk 01:30:58]} {[%emt 00:00:01]} c5 {[%clk 01:30:58]} {[%emt
00:00:03]} 2. g3 {[%clk 01:31:12]} {[%emt 00:00:15]} Nc6 {[%clk 01:31:22]}
{[%emt 00:00:07]} 3. Bg2 {[%clk 01:31:30]} {[%emt 00:00:11]} Nf6 {[%clk
01:31:45]} {[%emt 00:00:08]} 4. Nc3 {[%clk 01:31:33]} {[%emt 00:00:26]} g6
{[%clk 01:32:04]} {[%emt 00:00:11]} 5. Nf3 {[%clk 01:31:15]} {[%emt 00:00:48]}
Bg7 {[%clk 01:32:26]} {[%emt 00:00:08]} 6. O-O {[%clk 01:30:50]} {[%emt
00:00:55]} O-O {[%clk 01:32:48]} {[%emt 00:00:09]} 7. e4 {[%clk 01:30:35]}
{[%emt 00:00:45]} d6 {[%clk 01:33:08]} {[%emt 00:00:10]} 8. d3 {[%clk
01:29:17]} {[%emt 00:01:47]} Bg4 {[%clk 01:33:19]} {[%emt 00:00:19]} 9. Be3
{[%clk 01:28:30]} {[%emt 00:01:16]} Qc8 {[%clk 01:30:38]} {[%emt 00:03:12]} 10.
Re1 {[%clk 01:26:40]} {[%emt 00:02:20]} Ne5 {[%clk 01:27:02]} {[%emt 00:04:06]}
11. Bf4 {[%clk 01:23:29]} {[%emt 00:03:40]} Nxf3+ {[%clk 01:26:55]} {[%emt
00:00:39]} 12. Bxf3 {[%clk 01:23:42]} {[%emt 00:00:16]} Bxf3 {[%clk 01:27:17]}
{[%emt 00:00:09]} 13. Qxf3 {[%clk 01:23:50]} {[%emt 00:00:21]} Qd7 {[%clk
01:24:20]} {[%emt 00:03:26]} 14. Rab1 {[%clk 01:20:06]} {[%emt 00:04:15]} a6
{[%clk 01:20:55]} {[%emt 00:03:56]} 15. e5 {[%clk 01:18:48]} {[%emt 00:01:47]}
Nh5 {[%clk 01:19:09]} {[%emt 00:02:17]} 16. exd6 {[%clk 01:16:39]} {[%emt
00:02:38]} exd6 {[%clk 01:19:15]} {[%emt 00:00:24]} 17. Nd5 {[%clk 01:16:40]}
{[%emt 00:00:29]} Rad8 {[%clk 01:18:27]} {[%emt 00:01:18]} 18. b4 {[%clk
01:10:23]} {[%emt 00:06:47]} b5 {[%clk 01:15:10]} {[%emt 00:03:47]} 19. Re7
{[%clk 01:05:18]} {[%emt 00:05:34]} Qh3 {[%clk 01:10:05]} {[%emt 00:05:35]} 20.
bxc5 {[%clk 01:01:28]} {[%emt 00:04:22]} dxc5 {[%clk 01:09:57]} {[%emt
00:00:37]} 21. cxb5 {[%clk 01:01:39]} {[%emt 00:00:18]} axb5 {[%clk 01:09:59]}
{[%emt 00:00:29]} 22. Rxb5 {[%clk 01:00:28]} {[%emt 00:01:41]} Ra8 {[%clk
01:10:04]} {[%emt 00:00:26]} 23. Qe2 {[%clk 00:56:54]} {[%emt 00:04:04]} Rfd8
{[%clk 01:08:00]} {[%emt 00:02:34]} 24. Rbb7 {[%clk 00:49:36]} {[%emt
00:07:48]} Rf8 {[%clk 01:02:33]} {[%emt 00:05:56]} 25. Ra7 {[%clk 00:47:12]}
{[%emt 00:02:53]} Rad8 {[%clk 01:02:28]} {[%emt 00:00:36]} 26. Qf3 {[%clk
00:37:24]} {[%emt 00:10:17]} Nxf4 {[%clk 01:00:13]} {[%emt 00:02:46]} 27. Nxf4
{[%clk 00:33:05]} {[%emt 00:04:49]} Qf5 {[%clk 00:59:06]} {[%emt 00:01:37]} 28.
Qe4 {[%clk 00:29:13]} {[%emt 00:04:22]} Qxe4 {[%clk 00:55:08]} {[%emt
00:04:28]} 29. Re6 {[%emt 00:03:24]} Bd4 {[%clk 00:53:16]} 30. Rxe4 {[%clk
00:24:14]} c4 {[%clk 00:52:19]} {[%emt 00:04:02]} 31. a4 {[%clk 00:22:11]} cxd3
{[%clk 00:52:22]} {[%emt 00:02:59]} 32. Rc7 {[%clk 00:22:18]} Bc5 33. Nxd3 Bb6
{[%clk 00:51:50]} 34. Rc6 {[%clk 00:22:35]} {[%emt 00:00:12]} Ba5 {[%clk
00:50:14]} {[%emt 00:02:06]} 35. Ra6 {[%clk 00:20:40]} {[%emt 00:02:25]} Bc3
{[%clk 00:50:36]} {[%emt 00:00:08]} 36. Nb4 {[%clk 00:20:15]} {[%emt 00:00:55]}
Ra8 {[%clk 00:49:02]} {[%emt 00:02:02]} 37. Rxa8 {[%clk 00:17:12]} {[%emt
00:03:35]} Rxa8 {[%clk 00:49:24]} {[%emt 00:00:08]} 38. Nc6 {[%clk 00:17:23]}
{[%emt 00:00:17]} f5 {[%clk 00:49:08]} {[%emt 00:00:47]} 39. Rc4 {[%clk
00:17:16]} {[%emt 00:00:38]} Bf6 {[%clk 00:47:43]} {[%emt 00:01:56]} 40. a5
{[%clk 00:17:15]} {[%emt 00:00:31]} Kf7 {[%clk 00:47:42]} {[%emt 00:00:30]} 41.
f4 {[%clk 00:16:23]} {[%emt 00:01:22]} Ke6 {[%clk 00:47:49]} {[%emt 00:00:24]}
42. Ra4 {[%clk 00:15:46]} {[%emt 00:01:06]} Kd5 {[%clk 00:47:41]} {[%emt
00:00:37]} 43. Ne5 {[%clk 00:15:12]} {[%emt 00:01:04]} Bxe5 {[%clk 00:47:59]}
{[%emt 00:00:12]} 44. fxe5 {[%clk 00:15:40]} {[%emt 00:00:02]} Kxe5 {[%clk
00:48:17]} {[%emt 00:00:13]} 45. Kf2 {[%clk 00:15:44]} {[%emt 00:00:25]} g5
{[%clk 00:48:20]} {[%emt 00:00:28]} 46. Ke3 {[%clk 00:15:56]} {[%emt 00:00:18]}
f4+ {[%clk 00:48:13]} {[%emt 00:00:36]} 47. gxf4+ {[%clk 00:16:17]} {[%emt
00:00:09]} gxf4+ {[%clk 00:48:36]} {[%emt 00:00:08]} 48. Rxf4 {[%clk 00:16:37]}
{[%emt 00:00:09]} Rxa5 {[%clk 00:49:01]} {[%emt 00:00:06]} 49. Rh4 {[%clk
00:16:52]} {[%emt 00:00:14]} Ra3+ {[%clk 00:49:13]} {[%emt 00:00:18]} 1/2-1/2

[Event "DEM U12 2022"]
[Site "Willingen GER"]
[Date "2022.06.11"]
[Round "9"]
[White "Mündörfer, Sebastian"]
[Black "Haertel, Leon"]
[Result "1-0"]
[Termination "normal"]
[Board "27"]
[WhiteElo "1254"]
[BlackElo "1536"]
[WhiteClock "00:40:23"]
[BlackClock "01:22:12"]
[PlyCount "59"]
[WhiteFideId "34604367"]
[BlackFideId "34623736"]
[EventCountry "GER"]
[EventRounds "9"]
[EventType "swiss"]
[EventDate "2022.06.04"]

1. d4 {[%clk 01:31:00]} d5 {[%clk 01:30:54]} {[%emt 00:00:07]} 2. c4 {[%clk
01:31:26]} {[%emt 00:00:03]} e6 {[%clk 01:31:20]} {[%emt 00:00:04]} 3. Nc3
{[%clk 01:31:52]} {[%emt 00:00:05]} Be7 {[%clk 01:31:43]} {[%emt 00:00:06]} 4.
cxd5 {[%clk 01:32:16]} {[%emt 00:00:06]} exd5 {[%emt 00:00:07]} 5. Qc2 {[%clk
01:32:37]} {[%emt 00:00:07]} c6 {[%clk 01:32:30]} {[%emt 00:00:08]} 6. Nf3
{[%clk 01:33:03]} {[%emt 00:00:04]} g6 {[%clk 01:31:21]} {[%emt 00:01:40]} 7.
Bf4 {[%clk 01:33:07]} {[%emt 00:00:25]} Bf5 {[%clk 01:31:44]} {[%emt 00:00:07]}
8. Qd1 {[%clk 01:33:05]} {[%emt 00:00:32]} Nd7 {[%clk 01:32:00]} {[%emt
00:00:15]} 9. e3 {[%clk 01:33:23]} {[%emt 00:00:11]} Nb6 {[%clk 01:32:17]}
{[%emt 00:00:13]} 10. Bd3 {[%clk 01:33:23]} {[%emt 00:00:30]} Bxd3 {[%clk
01:32:40]} {[%emt 00:00:08]} 11. Qxd3 {[%clk 01:33:45]} {[%emt 00:00:08]} Nf6
{[%clk 01:32:30]} {[%emt 00:00:40]} 12. O-O {[%clk 01:32:47]} {[%emt 00:01:26]}
O-O {[%clk 01:32:51]} {[%emt 00:00:10]} 13. Ne5 {[%clk 01:29:25]} {[%emt
00:03:52]} Nfd7 {[%clk 01:32:16]} {[%emt 00:01:04]} 14. Nxd7 {[%clk 01:23:07]}
{[%emt 00:06:48]} Qxd7 {[%clk 01:32:24]} {[%emt 00:00:23]} 15. Rab1 {[%clk
01:14:24]} {[%emt 00:09:13]} Nc4 {[%clk 01:29:16]} {[%emt 00:03:38]} 16. Rfc1
{[%clk 01:10:40]} {[%emt 00:04:14]} Bd6 {[%clk 01:28:56]} {[%emt 00:00:49]} 17.
Bh6 {[%clk 01:09:50]} {[%emt 00:01:20]} Rfc8 {[%clk 01:27:56]} {[%emt
00:01:26]} 18. e4 {[%clk 01:01:56]} {[%emt 00:08:28]} Bf8 {[%clk 01:26:14]}
{[%emt 00:02:12]} 19. Bxf8 {[%clk 00:57:56]} {[%emt 00:04:30]} Kxf8 {[%clk
01:25:21]} {[%emt 00:01:24]} 20. e5 {[%emt 00:02:02]} Qe6 {[%clk 01:24:26]}
{[%emt 00:01:22]} 21. b4 {[%clk 00:56:33]} {[%emt 00:00:23]} a6 {[%clk
01:24:35]} {[%emt 00:00:21]} 22. Na4 {[%clk 00:55:32]} {[%emt 00:01:31]} Qe7
{[%clk 01:24:00]} {[%emt 00:01:05]} 23. Qh3 {[%clk 00:54:08]} {[%emt 00:01:53]}
Kg7 {[%clk 01:23:59]} {[%emt 00:00:30]} 24. f4 {[%clk 00:47:14]} {[%emt
00:07:25]} Rh8 {[%clk 01:23:08]} {[%emt 00:01:20]} 25. f5 {[%clk 00:47:15]}
{[%emt 00:00:31]} Qg5 {[%clk 01:23:29]} {[%emt 00:00:09]} 26. f6+ {[%clk
00:45:02]} {[%emt 00:02:43]} Kg8 {[%clk 01:23:33]} {[%emt 00:00:26]} 27. Re1
{[%clk 00:41:57]} {[%emt 00:03:35]} Qf4 {[%clk 01:22:34]} {[%emt 00:01:28]} 28.
Kh1 {[%clk 00:39:41]} {[%emt 00:02:46]} Qxd4 {[%clk 01:22:45]} {[%emt
00:00:19]} 29. Qh6 {[%clk 00:40:00]} {[%emt 00:00:11]} Qxe5 {[%clk 01:22:12]}
{[%emt 00:01:02]} 30. Qg7# {[%clk 00:40:23]} {[%emt 00:00:09]} 1-0

[Event "DEM U12 2022"]
[Site "Willingen GER"]
[Date "2022.06.11"]
[Round "9"]
[White "Steven, Matthias"]
[Black "Dell, Philip"]
[Result "1/2-1/2"]
[Termination "normal"]
[Board "28"]
[WhiteElo "1376"]
[BlackElo "1457"]
[PlyCount "53"]
[WhiteFideId "16295528"]
[BlackFideId "34619585"]
[EventCountry "GER"]
[EventRounds "9"]
[EventType "swiss"]
[EventDate "2022.06.04"]

1. e4 e5 2. Nf3 Nc6 3. Bb5 Bc5 4. O-O a6 5. Ba4 b5 6. Bb3 d6 7. c3 Bg4 8. Bd5
Qd7 9. d4 Bb6 10. Be3 Nf6 11. dxe5 Nxd5 12. Qxd5 Bxe3 13. fxe3 Be6 14. Qd2 Nxe5
15. Na3 O-O 16. Nc2 Nc4 17. Qc1 Rfe8 18. b3 Ne5 19. Nb4 Nxf3+ 20. gxf3 Bh3 21.
Rf2 Qd8 22. Kh1 Qh4 23. Qd2 Re6 24. Rg1 Rg6 25. Nd5 Rxg1+ 26. Kxg1 Qg5+ 27. Kh1
1/2-1/2

[Event "DEM U12 2022"]
[Site "Willingen GER"]
[Date "2022.06.11"]
[Round "9"]
[White "Halich, Jan Finnian"]
[Black "Rempe, Lennik"]
[Result "1-0"]
[Termination "normal"]
[Board "29"]
[WhiteElo "877"]
[BlackElo "1073"]
[PlyCount "75"]
[WhiteFideId "34623710"]
[BlackFideId "16248031"]
[EventCountry "GER"]
[EventRounds "9"]
[EventType "swiss"]
[EventDate "2022.06.04"]

1. e4 e5 2. Nf3 Nc6 3. Bc4 Nf6 4. d3 Be7 5. O-O O-O 6. Nbd2 d6 7. a4 Na5 8. Ba2
c5 9. c3 Nc6 10. Re1 h6 11. h3 a6 12. Nf1 b5 13. axb5 axb5 14. Bxf7+ Rxf7 15.
Rxa8 Na5 16. Bd2 Qc7 17. c4 b4 18. Qa4 Bd8 19. Ra1 Qb7 20. Rxa5 Bxa5 21. Qxa5
Nh5 22. Qd8+ Kh7 23. Qxd6 Nf4 24. Bxf4 exf4 25. Qxc5 Rf6 26. e5 Rg6 27. Nh4
Bxh3 28. f3 Rg5 29. Qd5 Qb6+ 30. Kh2 Bxg2 31. c5 Bxf3 32. Nxf3 Rh5+ 33. Kg2
Qg6+ 34. Kf2 Qg4 35. Qe4+ g6 36. Ra7+ Kh8 37. Qa8+ Qc8 38. Qxc8# 1-0

[Event "DEM U12 2022"]
[Site "Willingen GER"]
[Date "2022.06.11"]
[Round "9"]
[White "Schönherr, Stijn"]
[Black "Draude, Theo"]
[Result "0-1"]
[Termination "normal"]
[Board "30"]
[WhiteElo "1254"]
[BlackElo "1397"]
[PlyCount "62"]
[WhiteFideId "34611622"]
[BlackFideId "34623809"]
[EventCountry "GER"]
[EventRounds "9"]
[EventType "swiss"]
[EventDate "2022.06.04"]

1. e4 c5 2. Nc3 Nc6 3. g3 g6 4. Bg2 Bg7 5. d3 Nf6 6. Be3 d6 7. Qd2 Ng4 8. Nge2
Nxe3 9. Qxe3 Nd4 10. Nd1 Nxc2+ 11. Kf1 Nxe3+ 12. fxe3 O-O 13. Kf2 f5 14. Ke1
Qa5+ 15. Ndc3 fxe4 16. Bxe4 Bg4 17. h3 Bxe2 18. Kxe2 Bxc3 19. bxc3 Qxc3 20.
Bd5+ Kg7 21. Rad1 Qc2+ 22. Rd2 Rf2+ 23. Kxf2 Qxd2+ 24. Kf3 Rf8+ 25. Ke4 Qb4+
26. Bc4 b5 27. Kd5 bxc4 28. dxc4 Rf5+ 29. Ke6 Qxc4+ 30. Kd7 Qb5+ 31. Ke6 Re5#
0-1